[Event "Bremen Silvester op"]
[Site "Bremen"]
[Date "2021.12.28"]
[Round "3"]
[White "Ditmas, Hugh"]
[Black "Roemer, Alois"]
[Result "1/2-1/2"]
[WhiteElo "1950"]
[BlackElo "1571"]
[PlyCount "54"]
[EventDate "2021.12.21"]
[EventType "swiss"]
[EventRounds "7"]
[EventCountry "GER"]
[SourceTitle "CBM 205 Extra"]
[Source "ChessBase"]
[SourceDate "2022.01.31"]
[SourceVersion "1"]
[SourceVersionDate "2022.01.31"]
[SourceQuality "1"]

1. d4 d5 2. c4 e6 3. Nf3 Nf6 4. Nc3 c5 5. cxd5 cxd4 6. Qxd4 exd5 7. e3 Nc6 8. Bb5 Bd6 9. Ne5 Qc7 10. f4 0-0 11. Nxc6 bxc6 12. Be2 Re8 13. 0-0 Qb6 14. Qxb6 axb6 15. Bf3 Bc5 16. Re1 Bg4 17. Bd2 Bxf3 18. gxf3 d4 19. exd4 Bxd4+ 20. Kg2 Rxe1 21. Bxe1 Re8 22. Rd1 Bxc3 23. Bxc3 Nd5 24. Kg3 Kf8 25. Be5 f6 26. Bd6+ Kf7 27. Rc1 Rc8 1/2-1/2

[Event "Bremen Silvester op"]
[Site "Bremen"]
[Date "2019.12.29"]
[Round "5"]
[White "Ditmas, Hugh"]
[Black "Lambers, Gabriel"]
[Result "1-0"]
[WhiteElo "1982"]
[BlackElo "1629"]
[PlyCount "81"]
[EventDate "2019.12.27"]
[EventType "swiss"]
[EventRounds "7"]
[EventCountry "GER"]
[SourceTitle "CBM 194 Extra"]
[Source "ChessBase"]
[SourceDate "2020.03.31"]
[SourceVersion "1"]
[SourceVersionDate "2020.03.31"]
[SourceQuality "1"]

1. d4 Nf6 2. c4 Nc6 3. Nc3 e5 4. d5 Ne7 5. e4 Ng6 6. h4 h5 7. g3 Bb4 8. Qd3 Bxc3+ 9. bxc3 0-0 10. Bg5 d6 11. Be2 c5 12. Bxh5 Qa5 13. Bxf6 gxf6 14. Ne2 Kg7 15. Nc1 f5 16. f3 fxe4 17. fxe4 f5 18. Bxg6 Kxg6 19. 0-0 f4 20. Nb3 Qd8 21. Nd2 Bg4 22. Rf2 Kh5 23. gxf4 Rg8 24. Kh1 Qe7 25. f5 Raf8 26. Nf1 Kh6 27. Qe3+ Kh7 28. Rb1 Rf6 29. Rbb2 Qg7 30. Qg5 Qf8 31. Rxb7+ Kh8 32. Rb8 Qxb8 33. Qxf6+ Rg7 34. Ne3 Qb1+ 35. Kh2 Qxe4 36. Qh6+ Kg8 37. Rg2 Qf3 38. Nxg4 Rxg4 39. Rxg4+ Qxg4 40. Qg5+ Qxg5 41. hxg5 1-0

[Event "London Classic op 11th"]
[Site "London"]
[Date "2019.12.02"]
[Round "5"]
[White "Akots, Gabor"]
[Black "Ditmas, Hugh"]
[Result "1-0"]
[WhiteElo "2221"]
[BlackElo "1961"]
[PlyCount "110"]
[EventDate "2019.11.29"]
[EventType "swiss"]
[EventRounds "9"]
[EventCountry "ENG"]
[SourceTitle "CBM 193 Extra"]
[Source "ChessBase"]
[SourceDate "2020.01.31"]
[SourceVersion "1"]
[SourceVersionDate "2020.01.31"]
[SourceQuality "1"]

1. e4 c5 2. c3 Nf6 3. e5 Nd5 4. d4 cxd4 5. Nf3 Nc6 6. Bc4 e6 7. cxd4 d6 8. 0-0 Be7 9. Qe2 0-0 10. Rd1 Bd7 11. Nc3 Nxc3 12. bxc3 dxe5 13. dxe5 Qc7 14. Bd3 Rfd8 15. h4 Be8 16. Bf4 Rd7 17. Nd2 Rad8 18. Nc4 Qb8 19. Qe4 g6 20. h5 Qc7 21. h6 Rd5 22. Rab1 b6 23. Nd6 Rc5 24. Bb5 f5 25. Qa4 Bf7 26. Be3 Rxc3 27. Rbc1 Na5 28. Nxf7 Kxf7 29. Rxc3 Qxc3 30. Rxd8 Bxd8 31. Be8+ Kf8 32. Qd7 Qa1+ 33. Kh2 Qxe5+ 34. g3 Qc7 35. Qxe6 Qe7 36. Qxe7+ Kxe7 37. Bxg6 Kf6 38. Bxh7 Nc6 39. Bg8 Kg6 40. Be6 Bf6 41. Kg2 Nd4 42. Bd7 b5 43. Bd2 Be7 44. f3 b4 45. Ba4 a5 46. Be3 Ne6 47. Bc2 Bg5 48. h7 Kxh7 49. Bxf5+ Kg7 50. Bb6 Kf6 51. Bxe6 Kxe6 52. f4 Bf6 53. Bxa5 Bc3 54. a3 Bb2 55. Bxb4 Kd5 1-0

[Event "London Classic op 11th"]
[Site "London"]
[Date "2019.11.30"]
[Round "3"]
[White "Hill, Alistair"]
[Black "Ditmas, Hugh"]
[Result "1-0"]
[WhiteElo "2193"]
[BlackElo "1961"]
[PlyCount "95"]
[EventDate "2019.11.29"]
[EventType "swiss"]
[EventRounds "9"]
[EventCountry "ENG"]
[SourceTitle "CBM 193 Extra"]
[Source "ChessBase"]
[SourceDate "2020.01.31"]
[SourceVersion "1"]
[SourceVersionDate "2020.01.31"]
[SourceQuality "1"]

1. e4 c5 2. Nf3 Nc6 3. Bb5 e6 4. 0-0 Nge7 5. Re1 a6 6. Bf1 Ng6 7. d4 cxd4 8. Nxd4 Be7 9. Be3 0-0 10. c4 Qc7 11. Nc3 d6 12. Rc1 Nxd4 13. Qxd4 Bd7 14. Red1 Bc6 15. a4 Rac8 16. b4 Bf6 17. Qxd6 Qxd6 18. Rxd6 Be7 19. c5 Bxd6 20. cxd6 Bd7 21. a5 Ne5 22. f4 Nc4 23. Bc5 Nd2 24. Rc2 Nxf1 25. Kxf1 f5 26. Ke2 g6 27. Ke3 Kf7 28. Re2 Rg8 29. g3 h5 30. h4 Bc6 31. Kd4 Kf6 32. e5+ Kf7 33. Bb6 Ke8 34. Rc2 Kd7 35. Rd2 Rge8 36. Bc7 Rg8 37. Kc5 Rge8 38. Kb6 Rg8 39. Ne2 Rg7 40. Nc1 Rxc7 41. dxc7+ Bd5 42. Rxd5+ exd5 43. Kxb7 Rg8 44. e6+ Kxe6 45. c8Q+ Rxc8 46. Kxc8 d4 47. Kb7 Kd5 48. Kxa6 1-0

[Event "Hamburg-ch Seniors 65+ op 26th"]
[Site "Hamburg"]
[Date "2019.11.13"]
[Round "3"]
[White "Kornrumpf, Joachim"]
[Black "Ditmas, Hugh"]
[Result "1-0"]
[WhiteElo "2095"]
[BlackElo "1961"]
[PlyCount "87"]
[EventDate "2019.11.11"]
[EventType "swiss"]
[EventRounds "9"]
[EventCountry "GER"]
[SourceTitle "EXT 2022"]
[Source "ChessBase"]
[SourceDate "2021.10.06"]
[SourceVersion "1"]
[SourceVersionDate "2021.10.06"]
[SourceQuality "1"]

1. c4 Nf6 2. Nc3 e6 3. e4 d5 4. e5 d4 5. exf6 dxc3 6. bxc3 Qxf6 7. Nf3 Nc6 8. d4 e5 9. Bg5 Qg6 10. h4 h6 11. Be3 Bg4 12. d5 e4 13. dxc6 exf3 14. cxb7 Rb8 15. Qa4+ c6 16. Qxa7 Bd6 17. 0-0-0 0-0 18. Bd3 Qf6 19. Bd4 Be5 20. g3 Rfd8 21. Be4 Bxd4 22. Rxd4 Re8 23. Rhd1 Qe5 24. c5 Qc7 25. Bxc6 Qxc6 26. Rxg4 Rxb7 27. Qa5 Kh7 28. Rb4 Re2 29. Rd2 Re1+ 30. Rd1 Rbe7 31. Qb5 Qe6 32. Qd3+ g6 33. c4 Qe5 34. Rb2 Qxc5 35. Qc3 R1e4 36. Rb8 f6 37. Rb4 Qxf2 38. Qxf6 Qe3+ 39. Kb1 f2 40. Rb8 Rg7 41. Qf8 g5 42. h5 Re8 43. Qxe8 Qd3+ 44. Kb2 1-0

[Event "London Classic op 10th"]
[Site "London"]
[Date "2018.12.15"]
[Round "8"]
[White "Ditmas, Hugh"]
[Black "Ozturan, Cem"]
[Result "1-0"]
[WhiteElo "1978"]
[BlackElo "1707"]
[PlyCount "61"]
[EventDate "2018.12.09"]
[EventType "swiss"]
[EventRounds "9"]
[EventCountry "ENG"]
[SourceTitle "CBM 187 Extra"]
[Source "ChessBase"]
[SourceDate "2018.11.04"]
[SourceVersion "1"]
[SourceVersionDate "2018.11.04"]
[SourceQuality "1"]

1. d4 Nf6 2. c4 g6 3. Nc3 d5 4. cxd5 Nxd5 5. e4 Nxc3 6. bxc3 Bg7 7. Nf3 c5 8. Rb1 0-0 9. Be2 Nc6 10. d5 Ne5 11. Nxe5 Bxe5 12. Qd2 e6 13. f4 Bc7 14. 0-0 exd5 15. exd5 Ba5 16. Bb2 Bf5 17. Rbd1 Qd6 18. Qc1 c4 19. Bxc4 Qc5+ 20. Rd4 Rfc8 21. Bb3 Bxc3 22. Bxc3 Qxc3 23. Qxc3 Rxc3 24. Re1 Bc2 25. d6 Rd3 26. Rxd3 Bxd3 27. Re7 b5 28. d7 Kf8 29. Rxf7+ Kg8 30. d8Q+ Rxd8 31. Rd7+ 1-0

[Event "London Classic op 10th"]
[Site "London"]
[Date "2018.12.13"]
[Round "5"]
[White "Martinez, Ayelen"]
[Black "Ditmas, Hugh"]
[Result "0-1"]
[WhiteElo "2185"]
[BlackElo "1978"]
[PlyCount "108"]
[EventDate "2018.12.09"]
[EventType "swiss"]
[EventRounds "9"]
[EventCountry "ENG"]
[SourceTitle "CBM 187 Extra"]
[Source "ChessBase"]
[SourceDate "2018.11.04"]
[SourceVersion "1"]
[SourceVersionDate "2018.11.04"]
[SourceQuality "1"]

1. e4 c5 2. Nf3 Nc6 3. d4 cxd4 4. Nxd4 Nf6 5. Nc3 e5 6. Ndb5 d6 7. Bg5 a6 8. Na3 b5 9. Nd5 Be7 10. Bxf6 Bxf6 11. c4 b4 12. Nc2 0-0 13. g3 Bg5 14. h4 Bh6 15. Bh3 Be6 16. Kf1 a5 17. Kg2 Rb8 18. b3 Ne7 19. Nce3 Bxe3 20. Nxe3 Qd7 21. Qd3 Rfd8 22. Rad1 Rb7 23. h5 h6 24. f4 f6 25. c5 Bxh3+ 26. Rxh3 Qe6 27. cxd6 exf4 28. gxf4 Kh8 29. Qc4 Rxd6 30. Rxd6 Qxd6 31. Nd5 Nxd5 32. Qc8+ Kh7 33. Qf5+ Kg8 34. exd5 Re7 35. Rd3 Qc5 36. Rd2 Re1 37. Rf2 Qc1 38. Qc2 Qe3 39. d6 Rc1 40. Qf5 Qe1 41. Qd5+ Kh8 42. Kg3 Rc2 43. Qg2 Rc3+ 44. Kh4 f5 45. Qf1 Qe6 46. Rf3 Qxd6 47. Qe2 Qc6 48. Re3 Qh1+ 49. Kg3 Qg1+ 50. Kf3 Rc1 51. Re8+ Kh7 52. Qb5 Rc3+ 53. Ke2 Rc2+ 54. Kf3 Qf2# 0-1

[Event "London Classic op 10th"]
[Site "London"]
[Date "2018.12.10"]
[Round "2"]
[White "Ditmas, Hugh"]
[Black "Megias, Eva"]
[Result "1-0"]
[WhiteElo "1978"]
[BlackElo "1638"]
[PlyCount "91"]
[EventDate "2018.12.09"]
[EventType "swiss"]
[EventRounds "9"]
[EventCountry "ENG"]
[SourceTitle "CBM 187 Extra"]
[Source "ChessBase"]
[SourceDate "2018.11.04"]
[SourceVersion "1"]
[SourceVersionDate "2018.11.04"]
[SourceQuality "1"]

1. d4 d5 2. c4 Bf5 3. Nf3 e6 4. Nc3 Bb4 5. Qb3 Bxc3+ 6. bxc3 b6 7. Bg5 f6 8. Bf4 Ne7 9. e3 0-0 10. Bg3 Nd7 11. cxd5 exd5 12. c4 c6 13. cxd5 cxd5 14. Bd6 Be4 15. Nd2 f5 16. f3 Nf6 17. Qa3 Rf7 18. fxe4 fxe4 19. Bxe7 Rxe7 20. Ba6 Qd7 21. 0-0 Rf8 22. Be2 h5 23. Rac1 h4 24. h3 g5 25. Qc3 Rg7 26. Qc6 Qe7 27. Bg4 Qa3 28. Rc3 Qe7 29. Qe6+ Kh8 30. Qxe7 Rxe7 31. Rc6 Kg7 32. Nb1 b5 33. Nc3 b4 34. Na4 Ref7 35. Be6 Re7 36. Nc5 Rb8 37. Rxf6 Kxf6 38. Nd7+ Kg7 39. Nxb8 Rb7 40. Nd7 a5 41. Ne5 b3 42. axb3 Rxb3 43. Bxd5 Rxe3 44. Rc7+ Kf8 45. Bc6 Rb3 46. Ng6+ 1-0

[Event "Hamburg-ch Seniors 65+"]
[Site "Hamburg"]
[Date "2018.11.06"]
[Round "7"]
[White "Kornrumpf, Joachim"]
[Black "Ditmas, Hugh"]
[Result "1-0"]
[WhiteElo "2050"]
[BlackElo "1930"]
[PlyCount "83"]
[EventDate "2018.10.31"]
[EventType "swiss"]
[EventRounds "9"]
[EventCountry "GER"]
[SourceTitle "CBM 189 Extra"]
[Source "ChessBase"]
[SourceDate "2019.06.03"]
[SourceVersion "1"]
[SourceVersionDate "2019.06.03"]
[SourceQuality "1"]

1. c4 Nf6 2. Nc3 e6 3. e4 d5 4. e5 d4 5. exf6 dxc3 6. bxc3 Qxf6 7. Nf3 Nc6 8. d4 e5 9. Bg5 Qg6 10. d5 Nb8 11. h4 h6 12. h5 Qd6 13. Be3 Qa3 14. Qc2 Nd7 15. Be2 Bd6 16. 0-0 b6 17. Bc1 Qa5 18. Nd2 Nc5 19. Nb3 Nxb3 20. Qxb3 Bd7 21. a4 f5 22. Bd1 0-0 23. Ba3 Bxa3 24. Qxa3 Rf6 25. Qe7 Qxc3 26. Ra3 Qxc4 27. Qxd7 Rd6 28. Qxf5 e4 29. Rg3 Re8 30. Bb3 Qd4 31. Rd1 Qc5 32. Qg4 Re7 33. Re3 Qb4 34. Rde1 g5 35. hxg6 Kg7 36. Qh4 Rdd7 37. f4 Kxg6 38. f5+ Kh7 39. f6 Re8 40. Qg4 Rf7 41. Qf5+ Kh8 42. d6 1-0

[Event "Hamburg-ch Seniors 65+"]
[Site "Hamburg"]
[Date "2018.11.03"]
[Round "4"]
[White "Schulz, Hans Juergen"]
[Black "Ditmas, Hugh"]
[Result "0-1"]
[WhiteElo "1794"]
[BlackElo "1930"]
[PlyCount "62"]
[EventDate "2018.10.31"]
[EventType "swiss"]
[EventRounds "9"]
[EventCountry "GER"]
[SourceTitle "CBM 189 Extra"]
[Source "ChessBase"]
[SourceDate "2019.06.03"]
[SourceVersion "1"]
[SourceVersionDate "2019.06.03"]
[SourceQuality "1"]

1. e4 c5 2. d4 cxd4 3. c3 dxc3 4. Nxc3 Nc6 5. Bc4 e6 6. Nf3 a6 7. a3 Nge7 8. Bf4 Ng6 9. Bg3 Be7 10. Qe2 d6 11. Rd1 Qc7 12. 0-0 0-0 13. h3 Rd8 14. Ba2 b5 15. Nh2 Nge5 16. Kh1 Bb7 17. f4 Nc4 18. f5 N6e5 19. Rc1 Bg5 20. Bf4 Bxf4 21. Rxf4 exf5 22. Rxf5 Re8 23. Bb1 Rac8 24. Rff1 Qb6 25. Rce1 Nxa3 26. Ba2 Nac4 27. Bb1 f6 28. Nf3 Nxf3 29. gxf3 d5 30. Nd1 dxe4 31. fxe4 Rcd8 0-1

[Event "Hamburg-ch Seniors 50+"]
[Site "Hamburg"]
[Date "2018.10.25"]
[Round "3"]
[White "Ditmas, Hugh"]
[Black "Ahrens, Olaf"]
[Result "1-0"]
[WhiteElo "2004"]
[BlackElo "1893"]
[PlyCount "53"]
[EventDate "2018.10.23"]
[EventType "swiss"]
[EventRounds "7"]
[EventCountry "GER"]
[SourceTitle "CBM 190 Extra"]
[Source "ChessBase"]
[SourceDate "2019.07.15"]
[SourceVersion "1"]
[SourceVersionDate "2019.07.15"]
[SourceQuality "1"]

1. d4 Nf6 2. c4 c5 3. d5 b5 4. cxb5 a6 5. bxa6 Bxa6 6. Nc3 d6 7. Nf3 Qa5 8. Bd2 Nbd7 9. e4 Bxf1 10. Kxf1 g6 11. g3 Bg7 12. Kg2 0-0 13. a4 Rfb8 14. Nb5 Qb6 15. Qe2 Ng4 16. Bc3 Nge5 17. Nxe5 Nxe5 18. b3 Rc8 19. f4 Nd7 20. Bxg7 Kxg7 21. h4 Nb8 22. h5 Na6 23. Qe3 Qb7 24. Rac1 Nc7 25. Nxc7 Rxc7 26. hxg6 hxg6 27. f5 1-0

[Event "Hamburg-ch Seniors 50+"]
[Site "Hamburg"]
[Date "2018.10.23"]
[Round "1"]
[White "Ditmas, Hugh"]
[Black "Schiller, Dirk"]
[Result "1/2-1/2"]
[WhiteElo "2004"]
[BlackElo "1734"]
[PlyCount "82"]
[EventDate "2018.10.23"]
[EventType "swiss"]
[EventRounds "7"]
[EventCountry "GER"]
[SourceTitle "CBM 190 Extra"]
[Source "ChessBase"]
[SourceDate "2019.07.15"]
[SourceVersion "1"]
[SourceVersionDate "2019.07.15"]
[SourceQuality "1"]

1. d4 d5 2. c4 c6 3. Nf3 Nf6 4. Nc3 e6 5. Bg5 Be7 6. e3 0-0 7. Qc2 b6 8. Be2 Ba6 9. Ne5 Nfd7 10. Bxe7 Qxe7 11. Nxd7 Qxd7 12. cxd5 cxd5 13. Bxa6 Nxa6 14. Qb3 Rfc8 15. 0-0 Rc4 16. Rac1 Rac8 17. Ne2 Rxc1 18. Rxc1 Rxc1+ 19. Nxc1 g6 20. Qc3 Qc7 21. Qxc7 Nxc7 22. Nd3 a5 23. Kf1 Kf8 24. Ke2 Ke7 25. h4 h6 26. Ne5 g5 27. h5 f5 28. g4 Ne8 29. Kd3 Nf6 30. f3 fxg4 31. fxg4 Nd7 32. Nxd7 Kxd7 33. a4 Kc6 34. Kc3 Kd6 35. b3 Kc6 36. b4 Kd6 37. b5 Ke7 38. Kd3 Kf6 39. Ke2 Ke7 40. e4 Kf6 41. Ke3 Ke7 1/2-1/2

[Event "Bremen-ch op"]
[Site "Bremen"]
[Date "2018.03.30"]
[Round "8"]
[White "Bart, Simon"]
[Black "Ditmas, Hugh"]
[Result "1-0"]
[WhiteElo "2062"]
[BlackElo "1920"]
[PlyCount "43"]
[EventDate "2018.03.24"]
[EventType "swiss"]
[EventRounds "9"]
[EventCountry "GER"]
[SourceTitle "EXT 2019"]
[Source "ChessBase"]
[SourceDate "2018.10.10"]
[SourceVersion "1"]
[SourceVersionDate "2018.10.10"]
[SourceQuality "1"]

1. e4 c5 2. Nf3 Nc6 3. Nc3 Nf6 4. Bb5 Qc7 5. 0-0 g6 6. d4 cxd4 7. Nd5 Nxd5 8. exd5 Qb6 9. dxc6 Qxb5 10. Qxd4 f6 11. cxd7+ Bxd7 12. Re1 Bg7 13. Bf4 Kf7 14. Ng5+ fxg5 15. Rxe7+ Kxe7 16. Qxg7+ Ke6 17. Re1+ Kf5 18. Re5+ Kxf4 19. Qf6+ Bf5 20. Rxb5 Rhe8 21. Rb4+ Re4 22. Qd6+ 1-0

[Event "Bremen-ch op"]
[Site "Bremen"]
[Date "2018.03.24"]
[Round "1"]
[White "Ditmas, Hugh"]
[Black "Krueger, Gerhard1111"]
[Result "1-0"]
[WhiteElo "1920"]
[BlackElo "1312"]
[PlyCount "55"]
[EventDate "2018.03.24"]
[EventType "swiss"]
[EventRounds "9"]
[EventCountry "GER"]
[SourceTitle "EXT 2019"]
[Source "ChessBase"]
[SourceDate "2018.10.10"]
[SourceVersion "1"]
[SourceVersionDate "2018.10.10"]
[SourceQuality "1"]

1. d4 d5 2. c4 e6 3. Nf3 Nf6 4. Nc3 c6 5. Bg5 Be7 6. e3 Nbd7 7. Qc2 0-0 8. Rd1 Re8 9. a3 h6 10. Bh4 b6 11. Be2 Bb7 12. 0-0 Rc8 13. e4 dxe4 14. Nxe4 Nxe4 15. Bxe7 Qxe7 16. Qxe4 Nf6 17. Qe3 c5 18. Ne5 Nd7 19. Nxd7 Qxd7 20. dxc5 Qc7 21. cxb6 axb6 22. Rd2 Red8 23. Rfd1 g5 24. h4 Rxd2 25. Qxd2 Bc6 26. hxg5 hxg5 27. Qxg5+ Kf8 28. Rd4 1-0

[Event "London Classic op"]
[Site "London"]
[Date "2017.12.06"]
[Round "6"]
[White "Ditmas, Hugh"]
[Black "Tombolis, Christopher"]
[Result "1/2-1/2"]
[WhiteElo "2004"]
[BlackElo "1799"]
[PlyCount "112"]
[EventDate "2017.12.02"]
[EventType "swiss"]
[EventRounds "9"]
[EventCountry "ENG"]
[SourceTitle "CBM 182 Extra"]
[Source "ChessBase"]
[SourceDate "2018.02.23"]
[SourceVersion "1"]
[SourceVersionDate "2018.02.23"]
[SourceQuality "1"]

1. d4 d5 2. c4 e6 3. Nf3 Nf6 4. Nc3 Be7 5. Bg5 0-0 6. e3 h6 7. Bh4 c5 8. dxc5 dxc4 9. Bxc4 Bxc5 10. 0-0 g5 11. Bg3 Qe7 12. Qe2 a6 13. a3 b5 14. Ba2 Bb7 15. b4 Bd6 16. Bxd6 Qxd6 17. Rfd1 Qe7 18. Rac1 Nbd7 19. h3 Rac8 20. Bb1 Nb6 21. Ne5 Nc4 22. Nxc4 Rxc4 23. Qd2 Rfc8 24. Ne2 Ne4 25. Bxe4 Bxe4 26. Rxc4 Rxc4 27. Qd8+ Qxd8 28. Rxd8+ Kg7 29. Rd6 Rc2 30. Nd4 Rc1+ 31. Kh2 Ra1 32. Rxa6 Ra2 33. f3 Bd3 34. Ra5 Bf1 35. Nxb5 Rxg2+ 36. Kh1 Rg3 37. Nd4 h5 38. Rc5 h4 39. Rc2 Bxh3 40. Kh2 Bf5 41. Nxf5+ exf5 42. Rf2 g4 43. fxg4 Rxe3 44. gxf5 Rxa3 45. Rb2 Kf6 46. b5 Kxf5 47. b6 Ra8 48. Kh3 Kg5 49. Rb5+ f5 50. Rb4 Rb8 51. b7 Kf6 52. Kxh4 Ke7 53. Kg5 Kd7 54. Kxf5 Kc7 55. Ke6 Rxb7 56. Rc4+ Kb8 1/2-1/2

[Event "London Classic op"]
[Site "London"]
[Date "2017.12.04"]
[Round "4"]
[White "Ditmas, Hugh"]
[Black "Hughes, Anthony"]
[Result "1/2-1/2"]
[WhiteElo "2004"]
[BlackElo "1810"]
[PlyCount "152"]
[EventDate "2017.12.02"]
[EventType "swiss"]
[EventRounds "9"]
[EventCountry "ENG"]
[SourceTitle "CBM 182 Extra"]
[Source "ChessBase"]
[SourceDate "2018.02.23"]
[SourceVersion "1"]
[SourceVersionDate "2018.02.23"]
[SourceQuality "1"]

1. d4 d5 2. c4 c6 3. Nf3 Nf6 4. Nc3 a6 5. c5 Nbd7 6. Bf4 Nh5 7. Bd2 Nhf6 8. Qc2 g6 9. g3 Bg7 10. Bg2 0-0 11. 0-0 Re8 12. Rad1 e5 13. Nxe5 Nxe5 14. dxe5 Rxe5 15. e4 Nxe4 16. Nxe4 dxe4 17. Bc3 Rd5 18. Bxe4 Rxd1 19. Rxd1 Qe7 20. Bxg7 Kxg7 21. Qc3+ Kg8 22. Re1 Be6 23. Bf3 Re8 24. a3 Qd8 25. h4 h5 26. b4 Qe7 27. Kh2 Qf8 28. Re5 Qg7 29. Qe3 Qf6 30. Kg2 Rd8 31. Kh2 Kh7 32. Kg2 Bc4 33. Qc3 Kg7 34. Re3 Qxc3 35. Rxc3 Bd5 36. Re3 Kf6 37. Kf1 Bc4+ 38. Ke1 Be6 39. Be2 Rd4 40. f4 Rd8 41. Rd3 Re8 42. Rd6 Kf5 43. Kf2 Kf6 44. Bd3 Kg7 45. Ke3 Bh3+ 46. Kf2 Bg4 47. a4 Be6 48. b5 axb5 49. axb5 Bd5 50. f5 gxf5 51. Bxf5 Ra8 52. Ke3 Ra4 53. b6 Rc4 54. Rd7 Kf6 55. Bd3 Rxc5 56. Rxb7 Rc3 57. Kd4 Rb3 58. Rb8 Ke6 59. Be2 Kd6 60. Rd8+ Ke7 61. Rh8 Rxb6 62. Rxh5 Rb4+ 63. Ke3 Re4+ 64. Kd2 Rd4+ 65. Kc3 Ra4 66. g4 Ra2 67. Bd3 Rg2 68. g5 Kf8 69. Rh6 Kg7 70. Rf6 Rg4 71. Rh6 Ra4 72. Kd2 Rf4 73. Rh7+ Kg8 74. Rh6 Kg7 75. Rh7+ Kg8 76. Rh6 Kg7 1/2-1/2

[Event "GER-chT Seniors 26th"]
[Site "Templin"]
[Date "2017.10.01"]
[Round "7.12"]
[White "Burchardt, Brigitte"]
[Black "Ditmas, Hugh"]
[Result "1/2-1/2"]
[WhiteElo "2191"]
[BlackElo "1993"]
[PlyCount "108"]
[EventDate "2017.09.25"]
[EventType "team-swiss"]
[EventRounds "7"]
[EventCountry "GER"]
[SourceTitle "EXT 2019"]
[Source "ChessBase"]
[SourceDate "2018.10.10"]
[SourceVersion "1"]
[SourceVersionDate "2018.10.10"]
[SourceQuality "1"]
[WhiteTeam "Berlin"]
[BlackTeam "Bremen"]
[WhiteTeamCountry "GER"]
[BlackTeamCountry "GER"]

1. e4 c5 2. Nc3 Nc6 3. g3 g6 4. Bg2 Bg7 5. d3 d6 6. Be3 Rb8 7. Qd2 b5 8. f4 b4 9. Nd1 e6 10. Nf3 Nge7 11. 0-0 0-0 12. Kh1 Qc7 13. c3 bxc3 14. bxc3 Ba6 15. Re1 Qa5 16. Rc1 Rfd8 17. Qc2 d5 18. e5 d4 19. cxd4 Nxd4 20. Qxc5 Qxc5 21. Rxc5 Nxf3 22. Bxf3 Rxd3 23. Ra5 Bb7 24. Bxb7 Rxb7 25. Nf2 Rd5 26. Ra6 Nf5 27. Bxa7 Bf8 28. Ne4 Kg7 29. Bf2 h5 30. Ra8 Rdb5 31. a4 Rb1 32. Rxb1 Rxb1+ 33. Kg2 Rb2 34. Rc8 Ra2 35. Ra8 Ne3+ 36. Kf3 Ng4 37. h3 Nxf2 38. Nxf2 Ra3+ 39. Kg2 Ra2 40. Rc8 Rxa4 41. Rc2 Rd4 42. Kf3 Bb4 43. Ke3 Rd5 44. Ne4 Rd7 45. g4 hxg4 46. hxg4 Be7 47. Rc6 Ra7 48. Rc3 Ra3 49. Rxa3 Bxa3 50. Nc3 Bc1+ 51. Ke4 Bd2 52. Nb5 Bc1 53. Nd6 Bd2 54. Nc4 Be1 1/2-1/2

[Event "GER-chT Seniors 26th"]
[Site "Templin"]
[Date "2017.09.26"]
[Round "2.4"]
[White "Ditmas, Hugh"]
[Black "Gerigk, Wolf"]
[Result "1/2-1/2"]
[WhiteElo "1993"]
[BlackElo "2032"]
[PlyCount "28"]
[EventDate "2017.09.25"]
[EventType "team-swiss"]
[EventRounds "7"]
[EventCountry "GER"]
[SourceTitle "EXT 2019"]
[Source "ChessBase"]
[SourceDate "2018.10.10"]
[SourceVersion "1"]
[SourceVersionDate "2018.10.10"]
[SourceQuality "1"]
[WhiteTeam "Bremen"]
[BlackTeam "Hamburg"]
[WhiteTeamCountry "GER"]
[BlackTeamCountry "GER"]

1. d4 Nc6 2. Nf3 d5 3. c4 Bg4 4. cxd5 Bxf3 5. gxf3 Qxd5 6. e3 e5 7. Nc3 Bb4 8. Bd2 Bxc3 9. bxc3 Qd6 10. Rb1 Rb8 11. Bd3 Nge7 12. Qc2 Qf6 13. Be4 Qe6 14. Qb3 Qxb3 1/2-1/2

[Event "Lueneburg op-A"]
[Site "Lueneburg"]
[Date "2017.07.16"]
[Round "9"]
[White "Kolbus, Dietmar"]
[Black "Ditmas, Hugh"]
[Result "1-0"]
[WhiteElo "2306"]
[BlackElo "1955"]
[PlyCount "31"]
[EventDate "2017.07.08"]
[EventType "swiss"]
[EventRounds "9"]
[EventCountry "GER"]
[SourceTitle "CBM 179 Extra"]
[Source "ChessBase"]
[SourceDate "2017.08.23"]
[SourceVersion "1"]
[SourceVersionDate "2017.08.23"]
[SourceQuality "1"]

1. c4 Nf6 2. Nc3 e6 3. e4 d5 4. cxd5 exd5 5. e5 d4 6. exf6 dxc3 7. Qe2+ Be6 8. dxc3 Qxf6 9. Qb5+ Bd7 10. Qxb7 Qe6+ 11. Be3 Bc6 12. Bb5 Ke7 13. Qxc7+ Kf6 14. Qf4+ Ke7 15. Nf3 Bxb5 16. Qb4+ 1-0